LIBRARY & INFORMATION CENTRE, KCAET, TAVANUR

ONLINE PUBLIC ACCESS CATALOGUE (OPAC)

Farm machinery and energy research in India / (Record no. 10236)

MARC details
000 -LEADER
fixed length control field 00442cam a2200157ua 4500
041 ## - LANGUAGE CODE
Language code of text/sound track or separate title eng
082 ## - DEWEY DECIMAL CLASSIFICATION NUMBER
Classification number 028.716313
Item number SHA/FA
100 ## - MAIN ENTRY--AUTHOR NAME
Personal name Shanmugham, C.R .
245 ## - TITLE STATEMENT
Title Farm machinery and energy research in India /
260 ## - PUBLICATION, DISTRIBUTION, ETC. (IMPRINT)
Place of publication Bhopal :
Name of publisher Central Institute of Agricultural Engineering ,
Year of publication 1981.
300 ## - PHYSICAL DESCRIPTION
Number of Pages 588 ; .
942 ## - ADDED ENTRY ELEMENTS (KOHA)
Koha item type Books
Holdings
Withdrawn status Lost status Damaged status Home library Current library Date acquired Full call number Accession Number Koha item type Shelving location
      KAUAET KAUAET 07/04/2012 028.716313 19832 Reference  
      KAUAET KAUAET 06/08/1990 028.716313 16711 Books  
Withdrawn     KAUAET KAUAET 26/09/2019 028.716313 SHA/FA 20485 Books General Stacks
free website counter